| 000 | 01800nam a2200301Ia 4500 | ||
|---|---|---|---|
| 999 |
_c56423 _d56423 |
||
| 001 | 23536 | ||
| 003 | GE_BSU | ||
| 005 | 20191004152920.0 | ||
| 008 | 181216s2007||||ge |||||||||||||| ||geo|| | ||
| 020 | _a978-99940-52-57-8 | ||
| 040 | _cGE_BSU | ||
| 041 | _ageo | ||
| 080 | _a37(479.22)(09) ა-97 | ||
| 100 |
_aახვლედიანი, მაია. _94524 |
||
| 245 |
_aნარკვევები განათლების ისტორიიდან ქუთაისში : XIX საუკუნის და XX საუკუნის 20-იანი წლები / _cმაია ახვლედიანი ; იმერ ბასილაძე ; ნინო სოხაძე ; რედ. კონსტანტინე რამიშვილი . |
||
| 264 |
_aქუთაისი : _bაკ. წერეთლის სახელმწ. უნ-ტის გამ-ბა, _c2007. |
||
| 300 |
_a304 გვ.: _c 20 სმ. |
||
| 300 | _eბიბლიოგრ. თავების ბოლოს | ||
| 504 | _aბიბლიოგრ. თავების ბოლოს | ||
| 541 | _h7 ლ. | ||
| 653 | _aგანათლების ისტორია საქართველოში | ||
| 653 | _aნარკვევები განათლების ისტორიიდან ქუთაისში : (XIX საუკუნის და XX საუკუნის 20-იანი წლები | ||
| 653 | _aპედაგოგიკა | ||
| 700 |
_aბასილაძე, იმერ _91071 |
||
| 700 |
_a სოხაძე, ნინო _94525 |
||
| 700 |
_aრამიშვილი, კონსტანტინე _qრედაქტორი _94526 |
||
| 942 |
_cBK _2udc |
||